Statistics for AP World History #5

Click here to take the quiz!

General Stats

  • This quiz has been taken 34 times
  • The average score is 4 of 10

Answer Stats

HintAnswer% Correct
Will you pass?YES
83%
Unit 1The Global Tapestry
61%
Unit 9Globalization
57%
Unit 7Global Conflict
39%
Unit 3Land-based empires
39%
Unit 2Networks of Exchange
39%
Unit 5Revolutions
39%
Unit 8Cold War and Decolonization
35%
Unit 6Consequences of Industrialization
30%
Unit 4Transoceanic Connections
26%

Score Distribution

Percentile by Number Answered

Percent of People with Each Score

Your Score History

You have not taken this quiz